000 00552nam a2200181 i 4500
001 186526
003 SpMaBN
005 20250716071008.0
008 161122q1936 sp c |||| | spa d
245 0 0 _aMi libro.
260 _a[S.l. :
_bs.n.,
_cca. 1936]
_e(Santander :
_fAldus)
300 _a156 páginas :
_b1 retrato ;
_c20 cm.
599 _aRetrato. de Francisco Franco
650 4 _aEjército-
_zEspaña
_912134
852 _aES-MaACL
_cDEPO2
_hLegado Teófilo Huerta
_jL-30871
942 _2udc
_cMONOGRAFIA
_n0
999 _c186526
_d186526